MDQL
is popping MORE tags! Check the
thread
!
Quizzes
Events
Quiz Creation
Community
Videos
Private Events
Remove Ads
Sign In
Join for FREE
Feedback
Dark Mode
Quiz Categories
Sports
Geography
Music
Movies
Television
Just For Fun
Miscellaneous
History
Literature
Language
Science
Gaming
Entertainment
Religion
Holiday
For Kids
Quiz Lab
Recent
Popular Today
Quiz Kudos Today
Editor Picks
Curator Picks
Quizzes by...
Day
Popularity
Type
Ratings
Length
Year
Community
Subscriptions
Recent Discussions
Orange Saloon
Badges
Playlists
Quests
Create
Leaderboards
Showdown
Live 5
Trivia Bingo
Activity
Puzzle Library
Sporcle Events
Private Events
Virtual Trivia
Globe League
Become a Host
Pub Owners
SporcleCon
Opinionation
Our Games
Videos
Blog
Mobile Apps
Partnerships
Remove Ads and Go Orange
Feedback
Sports
Athletes
MLB
NBA
NHL
NFL
Soccer
Sports Teams
WWE
NCAA
Football
Premier League
Basketball
Baseball
Hockey
Golf
Tennis
Cricket
Rugby
Auto Racing
Olympics
World Cup
Sports
Athletes
MLB
NBA
NHL
NFL
Soccer
Sports Teams
WWE
NCAA
Football
Premier League
Basketball
Baseball
Hockey
Golf
Tennis
Cricket
Rugby
Auto Racing
Olympics
World Cup
Random Quiz
Search Sporcle
×
Quiz Lab
Quiz Lab
Sports
Auto Racing
Type in answers that appear in a list
Type in answers that appear in a list
Classic
Best Score? Go Orange.
Formula one drivers, 2009 Stats
Can you name the Drivers in the 2009 Formula one season?
By
WBfan
7m
25 Questions
212 Plays
212 Plays
212 Plays
Comments
Comments
Give Quiz Kudos
Give Quiz Kudos
-
- Ratings
hide this ad
More Info
Replay
Link that replays current quiz
Next Quiz
Link to next quiz in quiz playlist
You Got
0%
They Got
Avg Score
84%
Avg Friend Score
Upgrade to see
Score Distribution
Jump to the score distribution portion of the page
Score
0/25
Timer
07:00
0
Plays Today
Team (car no.)
Driver
% Correct
Vodafone McLaren Mercedes (1)
Lewis Hamilton
98.6%
Brawn GP F1 Team** (22)
Jenson Button
97.2%
Scuderia Ferrari (3)
Felipe Massa
96.7%
ING Renault F1 (7)
Fernando Alonso
95.8%
Red bull Racing (15)
Sebastian Vettel
94.8%
Scuderia Ferrari (4)
Kimi Raikkonen
93.4%
Red bull Racing (14)
Mark Webber
92.5%
Brawn GP F1 Team (23)
Rubens Barrichello
92%
BMW Sauber (5)
Robert Kubica
90.1%
Vodafone McLaren Mercedes (2)
Heikki Kovalainen
89.2%
Panasonic Toyota Racing (9)
Jarno Trulli
85.4%
Force india (21) & Scuderia Ferrari (3)*
Giancarlo Fisichella
85.4%
BMW Sauber (6)
Nick Heidfeld
84.9%
Team (car no.)
Driver
% Correct
AT&T Williams (16)
Nico Rosberg
84.4%
ING Renault F1 (8)
Nelson Piquet, Jr
84%
Panasonic Toyota Racing (10)
Timo Glock
83.5%
Force india (20)
Adrian Sutil
82.5%
Scuderia Toro Rosso (12)
Sebastien Buemi
80.2%
Panasonic Toyota Racing (10)*
Kamui Kobayashi
78.3%
AT&T Williams (17)
Kazuki Nakajima
76.4%
Scuderia Toro Rosso (11)
Sebastien Bourdais
71.2%
Scuderia Ferrari (3)*
Luca Badoer
70.8%
ING Renault F1 (8)*
Romain Grosjean
69.8%
Scuderia Toro Rosso (11)*
Jaime Alguersuari
69.8%
Force india (21)*
Vitantonio Liuzzi
68.9%
Quiz Playlist
Details
Report
Send in Message
Add To Playlist
More Info:
*Replaced a driver **Won driver's championship and constructor's championship
Classic:
Type in answers that appear in a list
Quiz Source
Last Updated: Feb 16, 2017
Quiz Scoreboard
CHALLENGE
Sign Up to Join the Scoreboard
Show All
Scores
Hide
Comments
May contain spoilers
Recently Published
Image Sorting: Flags VI
by Barbecue
Geography
2m
Find the 'City' Movie
by crazypaving
Movies
60s
Colored Red Africa Blitz
by spor1
Geography
45s
More to Explore
Quiz From the Vault
Featured Blog Post
14 Easter Pick-up Lines to Find Eggs With
hide this ad
You Might Also Like...
Tags
Auto Racing Quiz
2009
Formula 1
Grand Prix
Racing
Today's Top Quizzes in Sports
Browse Sports
hide this ad
Today's Top Quizzes in Auto Racing
Browse Auto Racing
Top Contributed Quizzes in Sports
1
Les meilleurs buteurs des matchs entre le PSG et l’OM
2
Les entraîneurs de l'OM et du PSG au 21e siècle
3
Les joueurs passés par le PSG et l'OM
4
2022 World Cup Stars
5
Players with Multiple 50 Home Run Seasons
6
Criteria MLB: Left Handed Sluggers
7
Les joueurs passés par le LOSC et le RC Lens
8
NBA Logic Puzzle 2.0
9
MLB Players with Two .350 Batting Average Seasons
10
FIFA Club World Cup Champions
Explore More
Trending Topics
Crossword
Kpop
NBA
Harry Potter
Marvel
Anime
Disney
Soccer
The Office
WWE
Song
NFL
Pokémon
Puzzle
Country
hide this ad
More By:
WBfan
Quiz
Plays
Rating
Category
Featured
Created
Formula one drivers, 2006
391
4.00
Sports
Aug 30, 2010
Formula one drivers, 2007
260
5.00
Sports
Aug 26, 2010
Formula one drivers, 2010
247
2.00
Sports
Aug 30, 2010
Formula one drivers, 2004
218
5.00
Sports
Nov 15, 2010
Formula one drivers, 2009
212
4.00
Sports
Aug 26, 2010
Go to Creator's Profile
Score Distribution
Quiz Creator Spotlight
WBfan
Follow
Send a Message
Quizzes Created
-
Created Quiz Play Count
-
More By This Creator
Popular Quizzes Today
1
Colored Red Africa Blitz
2
Find the US States - No Outlines Minefield
3
Find the 'City' Movie
4
5x2 Blitz: Bands
5
The Countries of the World
6
Find the US States
7
Find the Countries of Europe - No Outlines Minefield
8
US States
More Sports Quizzes
AFC North Receiving Leaders
Curator's Pick
Trending Quizzes
Colored Red Europe Blitz I
Colored Red Europe Blitz II
Colored Red Africa Blitz II
Colored Red Europe Blitz III
Colored Red Africa Blitz III
Recently Updated
How Do You Spell That?
pecheneg
Godzilla Movies
pecheneg
Grab Bag: 4-10 Letters
pecheneg
2024 March Madness Bracket
pecheneg
Famous TV Couples
Peacemaker
Champions League XIs: Real Madrid
pecheneg
Largest US Cities 1790-2010
pecheneg
Rides in Walt Disney World
pecheneg
Most Oscar Losses (Acting)
pecheneg
Beyoncé Albums
pecheneg
Trending Topics
Disney
Anime
NBA
Marvel
Crossword
Harry Potter
Kpop
Country
Puzzle
Song
Pokémon
The Office
Soccer
WWE
NFL
Your Account Isn't Verified!
In order to create a playlist on Sporcle, you need to verify the email address you used during registration. Go to your
Sporcle Settings
to finish the process.
Report this User
Report this user for behavior that violates our
Community Guidelines
.
Details:
Send Report
Go to the Sporcle.com Mobile Site →
Comments